LEADER 00855nam a2200217 i 4500 001 000000188577 003 CaOOAMICUS 005 20100414000000.0 008 100414s1953 it u000 u ita u 013 $a166792 040 $aSeMil$bita 100 1 $aValentini, Eugenio,$c.$0(OLS)http://semarc/name/28860 245 13$aLa pedagogia mariana di d. Bosco /$cEugenio Valentini. 260 $aTorino [etc.] :$bSEI,$c1953. 300 $a71 p. ;$c24 cm. 490 0 $aBiblioteca del Salesianum ;$v24 830 0$aBiblioteca del Salesianum ;$v24.$0(OLS)http://semarc/title/21684 850 $aSeMil 852 $aSeMil$W1$xVenegono$y1$m2T IV 105$j139216$B139216$CSeMilBibl$Z2$F150819 $81 996 $6245$aLa pedagogia mariana di d. Bosco$9(OLS)http://semarc/title/271399 996 $6260$aTorino [etc.] :$bSEI$9(OLS)http://semarc/publisher/32375 LEADER 00899nam a2200229 i 4500 001 000000111635 003 CaOOAMICUS 005 20030127000000.0 008 030127n it u000 u ita u 013 $a84317 040 $aSeMil$bita 100 1 $aGiorgetti, Corrado.$0(OLS)http://semarc/name/46786 245 10$aSezione vocazionale /$cCorrado Giorgetti. 300 $a210 p. ;$c24 cm. 490 0 $aBiblioteca di studi religiosi ;$v2 500 $aContiene : [3] Appendici. 773 0 $tChi ascolta voi ascolta me.$dPisa : Giardini, stampa 1985.$kBiblioteca di studi religiosi$g1$w()8428 830 0$aBiblioteca di studi religiosi ;$v2.$0(OLS)http://semarc/title/10423 850 $aSeMil 852 $aSeMil$W1$xVenegono$y1$m2C VI 41$j67456$B67456$CSeMilBibl$Z2$F100610 $81 961 $aOmaggio: Martini Card. Carlo Maria 996 $6245$aSezione vocazionale$9(OLS)http://semarc/title/162554